| 000 | 00660nam a2200205 i 4500 | ||
|---|---|---|---|
| 001 | 27818 | ||
| 003 | ES-MaACL | ||
| 005 | 20250929063056.0 | ||
| 007 | t| | ||
| 008 | 030115s1965 sp ||||1| spa d | ||
| 100 | 1 |
_aBabin, Pierre, _d1925-2012 _924418 |
|
| 245 | 1 | 0 |
_aDios y el adolescente / _cPierre Babin ; [traducción castellana de Enrique Martí]. |
| 260 |
_aBarcelona : _bHerder, _c1965. |
||
| 300 |
_a307 p. ; _c20 cm. |
||
| 650 | 4 |
_aAdolescentes- _xVida religiosa. _9160510 |
|
| 650 | 4 |
_aVida cristiana- _xIglesia Católica. _9156102 |
|
| 700 | 1 |
_aMartí, Enrique. _977183 |
|
| 852 |
_aES-MaACL _jC-29393 _bR.58339 |
||
| 999 |
_c27818 _d27818 |
||